| 000 | 00590nam a2200229Ia 4500 | ||
|---|---|---|---|
| 008 | 180523s9999 xx 000 0 und d | ||
| 020 | _a81-7179-883-7 | ||
| 050 | _aMAIN QM 23.2 | ||
| 050 | _b.S56 2002 | ||
| 100 | _aSingh, Inderbir. | ||
| 245 | 0 | _aEssentials of anatomy / | |
| 245 | 0 | _cInderbir Singh. | |
| 260 | _aNew Delhi : | ||
| 260 | _bJaypee Brothers Medical Publishers, | ||
| 260 | _c2002 | ||
| 300 | _a536 pages : | ||
| 300 | _bcolored illustrations ; | ||
| 300 | _c28 cm. | ||
| 500 | _aIncludes index. | ||
| 650 | _aHuman physiology. | ||
| 650 | _xHuman anatamoy. | ||
| 999 |
_c357574 _d357574 |
||